স্বাধীনতার পঞ্চাশ বছর : বাংলাদেশের স্বাস্থ্য খাতের বিকাশ /

Detalles Bibliográficos
Outros autores: চৌধুরী, আহমদ মোস্তাক রাজা, আহমেদ, ইয়াসমিন হেমায়েত, ইসলাম, খায়রুল, মোড়ল, শিশির
Formato: Libro
Idioma:Bengali
Publicado: ঢাকা : প্রথমা প্রকাশন, c২০২২ [তৃতীয় মুদ্রণ ২০২৩].
Edición:দ্বিতীয় সংস্করণ.
Subjects:
Classic Catalogue: View this record in Classic Catalogue
LEADER 02785nam a22003617a 4500
001 44360
003 BD-DhAAL
005 20251019114558.0
008 250423r20232022bg a|||| b||| 00| 0 ben d
020 |a 9789849647577 
040 |a BD-DhAAL  |c BD-DhAAL 
041 |a ben 
082 |a 362.1095492  |2 23 
245 |a স্বাধীনতার পঞ্চাশ বছর :  |b বাংলাদেশের স্বাস্থ্য খাতের বিকাশ /  |c সম্পাদক, আহমদ মোস্তাক রাজা চৌধুরী, ইয়াসমিন হেমায়েত আহমেদ, খায়রুল ইসলাম, শিশির মোড়ল. 
246 |f Shadhinotar ponchash bochhor :  |n Bangladesher shasthya khater bikash 
250 |a দ্বিতীয় সংস্করণ. 
260 |a ঢাকা :  |b প্রথমা প্রকাশন,  |c c২০২২ [তৃতীয় মুদ্রণ ২০২৩]. 
300 |a ৪৬৩ পৃষ্ঠা :  |b চিত্র ;  |c ২৪ সে.মি. 
504 |a গ্রন্থপঞ্জিগত নির্দেশিকা (পৃষ্ঠা ৩৭৫-৪২৬) অন্তর্ভুক্ত। 
541 |a Complimentary copy from Dr. Ahmed Mushtaque Raza Chowdhury (Former Vice Chairperson of BRAC)  |e 44360, 4436১ 
650 |a Public health  |z Bangladesh  |x History.  |9 58108 
650 |a Health facilities  |z Bangladesh  |x History.  |9 58123 
650 |a Medicine  |z Bangladesh  |x History.  |9 58107 
700 |a চৌধুরী, আহমদ মোস্তাক রাজা.  |9 58124 
700 |a আহমেদ, ইয়াসমিন হেমায়েত.  |9 58125 
700 |a ইসলাম, খায়রুল.  |9 58126 
700 |a মোড়ল, শিশির.  |9 58127 
710 |a Bangladesh Health Watch,  |e associated name.  |9 58112 
852 |a Ayesha Abed Library  |c Ahmed Mushtaque Raza Chowdhury Collection 
942 |2 ddc  |c BK 
999 |c 47283  |d 47283 
952 |0 0  |1 0  |2 ddc  |4 0  |6 362_109549200000000_SHA  |7 1  |9 77632  |a BRACUL  |b BRACUL  |c AMRC  |d 2025-04-23  |e Complimentary copy from Dr. Ahmed Mushtaque Raza Chowdhury (Former Vice Chairperson of BRAC)  |g 1700.00  |l 0  |o 362.1095492 SHA  |p 3010044360  |r 2025-04-23  |t 1  |w 2025-04-23  |y BK  |x Complimentary copy received from Dr. Ahmed Mushtaque Raza Chowdhury (Former Vice Chairperson of BRAC) on 17 April 2025. 
952 |0 0  |1 0  |2 ddc  |4 0  |6 362_109549200000000_SHA  |7 1  |9 77633  |a BRACUL  |b BRACUL  |c AMRC  |d 2025-04-23  |e Complimentary copy from Dr. Ahmed Mushtaque Raza Chowdhury (Former Vice Chairperson of BRAC)  |g 1700.00  |l 0  |o 362.1095492 SHA  |p 3010044361  |r 2025-04-23  |t 2  |w 2025-04-23  |y BK  |x Complimentary copy received from Dr. Ahmed Mushtaque Raza Chowdhury (Former Vice Chairperson of BRAC) on 17 April 2025.